00720nam a2200241 a 4500001001300000003000900013005001700022008004100039020001000080082001600090100001800106245005100124260004800175300000900223500003500232505001700267650003200284700001800316902000800334942000700342952011600349999001300465nice12345678IN_TiNIC20260116011311.0050524s1927 cama grp 000 0 eng  ac10000a297.61bBOW aBowen, Harold aLife and Times of Ali Ibn Isa, the Good Vizier aCambridgebCambridge University Pressc1927 a420p aincludes index and biblioraphy2 aIndex, Illus aIslam-Biography-Ali Ibn Isa1 aBowen, Harold bSRS cBK 001040708StackRoom-aHMIbHMId2007-07-05g100.00l0o297.61 BOWp00450r2007-07-05v100.00w2005-05-24yBK c313d313